Loading...
Literature - European Literature | 0 | 2 | 0 | 0 | 20 | 130 | 139.00 | 0 | 2 |
Other Academic | 0 | 2 | 0 | 0 | 20 | 83 | 102.00 | 1 | 2 |
Beliefs | 0 | 2 | 0 | 0 | 20 | 125 | 127.50 | 0 | 1 |
History - American History | 0 | 2 | 0 | 0 | 20 | 73 | 109.00 | 1 | 2 |
Philosophy | 0 | 2 | 0 | 0 | 20 | 97 | 111.50 | 0 | 2 |
Other Arts: Auditory | 0 | 1 | 0 | 0 | 10 | 98 | 98.00 | 0 | 1 |
Chemistry> | 0 | 1 | 0 | 0 | 10 | 106 | 106.00 | 0 | 1 |
History - European History | 0 | 1 | 0 | 0 | 10 | 116 | 116.00 | 0 | 1 |
Other Science: Earth Science | 0 | 1 | 0 | 0 | 10 | 135 | 135.00 | 0 | 1 |
Social Science | 0 | 1 | 1 | 0 | 5 | 116 | 116.00 | 0 | 0 |
Other Arts: Visual | 0 | 1 | 1 | 0 | 5 | 130 | 130.00 | 0 | 0 |
Other Science: Computer Science | 0 | 0 | 0 | 0 | 0 | 0.00 | 0 | 0 | |
Fine Arts - Visual Fine Arts | 0 | 0 | 1 | 0 | -5 | 0.00 | 0 | 0 | |
Science - Biology | 0 | 0 | 1 | 0 | -5 | 0.00 | 0 | 0 | |
Science - Physics | 0 | 0 | 1 | 0 | -5 | 0.00 | 0 | 0 |